| 000 | 00806nam a2200217Ia 4500 | ||
|---|---|---|---|
| 003 | OSt | ||
| 005 | 20250901101235.0 | ||
| 008 | 210210b1997 xxu||||| |||| 00| 0 eng d | ||
| 040 | _cAL | ||
| 041 | _aKannada | ||
| 082 | _aK894.9 KARM | ||
| 100 |
_aKARNATAKA SAHITYA AKADEMI. _dಕರ್ನಾಟಕ ಸಾಹಿತ್ಯ ಅಕಾಡೆಮಿ _9238039 |
||
| 245 |
_aMailaralinga kavya. muttin hara malike. _bಮೈಲಾರಲಿಂಗ ಕಾವ್ಯ. ಮುತ್ತಿನ ಹಾರ ಮಾಲಿಕೆ |
||
| 260 |
_aBengaluru. _bKarnataka Sahitya Akademi., _c1997 |
||
| 300 | _avii,99 | ||
| 650 |
_aMuttina Hara Em Bi Neginahala _9238040 |
||
| 690 |
_aKannada Criticism _9238041 |
||
| 700 |
_aM B Neginahala. _dಎಂ . ಬಿ ನೇಗಿನಹಾಳ _9238042 |
||
| 906 | _a057824 | ||
| 942 |
_2ddc _cBK |
||
| 999 |
_c105273 _d105273 |
||